[Event "Manizales Castro Memorial"]
[Site "Manizales"]
[Date "2015.12.18"]
[Round "3"]
[White "Toro Herrera, Carlos Arturo"]
[Black "Marin Ortiz, Orlando"]
[Result "1/2-1/2"]
[WhiteElo "1648"]
[BlackElo "1951"]
[PlyCount "122"]
[EventDate "2015.12.17"]
[EventType "swiss"]
[EventRounds "7"]
[EventCountry "COL"]
[SourceTitle "CBM 170 Extra"]
[Source "ChessBase"]
[SourceDate "2016.02.25"]
[SourceVersion "1"]
[SourceVersionDate "2016.02.25"]
[SourceQuality "1"]

1. e4 g6 2. Nc3 Bg7 3. d4 d6 4. f4 e6 5. Nf3 Ne7 6. Be3 a6 7. a4 Nd7 8. b4 c5 9. bxc5 Nxc5 10. Qd2 Qa5 11. e5 Nd7 12. Ne4 Qxd2+ 13. Kxd2 dxe5 14. Nd6+ Kf8 15. fxe5 Nd5 16. c4 Nxe3 17. Kxe3 Ke7 18. Rb1 Rb8 19. Bd3 f6 20. exf6+ Nxf6 21. Ne4 Rd8 22. Nxf6 Bxf6 23. c5 Bd7 24. a5 Bc6 25. Rb4 Bg7 26. Rhb1 Kd7 27. Bxa6 Kc7 28. Bc4 Ra8 29. a6 bxa6 30. Bd3 a5 31. Rb6 Bxf3 32. Kxf3 Bxd4 33. Rxe6 Bxc5 34. Be4 Rf8+ 35. Kg4 Kd7 36. Rc6 Rac8 37. Rb7+ Kd8 38. Rxh7 Rxc6 39. Bxc6 Rf6 40. Ba4 Rb6 41. Bc2 Be3 42. Kf3 Bd4 43. Ke4 Bc3 44. Kd3 Bb4 45. h4 Rd6+ 46. Kc4 Rc6+ 47. Kb3 Rc3+ 48. Kb2 Rg3 49. Be4 a4 50. Bf3 g5 51. h5 Be7 52. Rh8+ Kc7 53. Rg8 g4 54. Rxg4 Rxg4 55. Bxg4 Kc6 56. Kc3 Kd5 57. Bd7 a3 58. Kb3 Ke5 59. g4 Kf6 60. Bf5 Kg5 61. Kc2 Bf6 1/2-1/2

[Event "Manizales Castro Memorial"]
[Site "Manizales"]
[Date "2015.12.17"]
[Round "1"]
[White "Toro Herrera, Carlos Arturo"]
[Black "Lopez Idarraga, Daniel Eduardo"]
[Result "0-1"]
[WhiteElo "1648"]
[BlackElo "2078"]
[PlyCount "66"]
[EventDate "2015.12.17"]
[EventType "swiss"]
[EventRounds "7"]
[EventCountry "COL"]
[SourceTitle "CBM 170 Extra"]
[Source "ChessBase"]
[SourceDate "2016.02.25"]
[SourceVersion "1"]
[SourceVersionDate "2016.02.25"]
[SourceQuality "1"]

1. e4 g6 2. d4 Bg7 3. Nf3 c5 4. Be3 Nc6 5. c3 Nf6 6. d5 Nb8 7. Bd3 d6 8. Nbd2 0-0 9. h3 e6 10. c4 Na6 11. Bg5 exd5 12. cxd5 Nb4 13. Bb1 Qe8 14. 0-0 Qb5 15. Qb3 a5 16. a4 Qd7 17. Nc4 Qc7 18. Ne1 Re8 19. f3 Bd7 20. Qe3 Nfxd5 21. Qf2 Nb6 22. Nxb6 Qxb6 23. Bd3 d5 24. Be3 Rac8 25. Qd2 d4 26. Bf2 c4 27. Be2 Be6 28. Nc2 Nxc2 29. Qxc2 Bf8 30. Rfc1 Red8 31. Rd1 Bc5 32. Qc1 d3 33. Bf1 Bxf2+ 0-1

[Event "COL-ch Seniors"]
[Site "Bucaramanga"]
[Date "2013.09.27"]
[Round "3"]
[White "Florez, Carlos Julio"]
[Black "Toro Herrera, Carlos Arturo"]
[Result "1-0"]
[WhiteElo "2150"]
[BlackElo "1624"]
[PlyCount "89"]
[EventDate "2013.09.26"]
[EventType "swiss"]
[EventRounds "7"]
[EventCountry "COL"]
[SourceTitle "CBM 156 Extra"]
[Source "ChessBase"]
[SourceDate "2013.10.22"]
[SourceVersion "1"]
[SourceVersionDate "2013.10.22"]
[SourceQuality "1"]

1. e4 c5 2. Nc3 Nc6 3. f4 g6 4. Nf3 Bg7 5. Bb5 e6 6. d3 Nge7 7. 0-0 a6 8. Bxc6 Nxc6 9. e5 0-0 10. Be3 b6 11. Ne4 Nb4 12. a3 Nd5 13. Bd2 Bb7 14. Nd6 Bc6 15. c4 Ne7 16. Ng5 Nc8 17. Nge4 Nxd6 18. Nxd6 Qe7 19. Qe2 f6 20. b4 fxe5 21. fxe5 Qh4 22. Bc3 Qg5 23. d4 Bxg2 24. Rxf8+ Rxf8 25. Bd2 Qh4 26. Kxg2 Qxd4 27. Rd1 Qb2 28. bxc5 bxc5 29. Re1 Bxe5 30. Qxe5 Qxd2+ 31. Re2 Qd3 32. Rf2 Rxf2+ 33. Kxf2 Qd2+ 34. Kf3 Qd3+ 35. Kf2 Qxa3 36. Qf6 Qa2+ 37. Kg3 Qb3+ 38. Kh4 Qb8 39. Qf7+ Kh8 40. Qf6+ Kg8 41. Qf7+ Kh8 42. Qe7 Qg8 43. Kg5 Qg7 44. Nf7+ Kg8 45. Nh6+ 1-0